|
|
|
|
| LEADER |
02070nam a2200301 a 4500 |
| 003 |
GR-PaULI |
| 005 |
20250203111554.0 |
| 008 |
180111s2006 gr f |||| 001 0 gre d |
| 020 |
|
|
|a 9605124661
|
| 040 |
|
|
|a GR-PaULI
|b gre
|c GR-PaULI
|d GR-AiPI
|e AACR2
|
| 082 |
0 |
4 |
|a 004.62
|2 23
|
| 100 |
1 |
|
|a Forouzan, Behrouz A.
|e συγγραφέας
|9 19103
|
| 245 |
1 |
0 |
|a Πρωτόκολλο TCP/IP /
|c Behrouz A. Forouza, Sophia Chung Fegan ; απόδοση Αγαμέμνων Μήλιος.
|
| 250 |
|
|
|a 3η έκδ.
|
| 260 |
|
|
|a Αθήνα :
|b Γκιούρδας,
|c c2006.
|
| 300 |
|
|
|a xxii, 882 σ. :
|b εικ., πίν. ;
|c 24 εκ.
|
| 500 |
|
|
|a Τίτλος πρωτοτύπου : TCP/IP, Protocol Suite.
|
| 500 |
|
|
|a Περιλαμβάνει ευρετήριο.
|
| 650 |
|
4 |
|a Πρωτόκολλο δικτύων υπολογιστών
|9 127649
|
| 700 |
1 |
|
|a Μήλιος, Αγαμέμνων,
|d 1945-
|e μεταφραστής
|9 148041
|
| 942 |
|
|
|2 ddc
|c BK15
|
| 952 |
|
|
|0 0
|1 0
|2 ddc
|4 0
|6 004_620000000000000_FOR
|7 0
|9 218835
|a LISA
|b LISA
|c BSC
|d 2018-01-11
|i 13556
|l 0
|o 004.62 FOR
|p 026000279191
|r 2018-01-11 00:00:00
|t 1
|w 2018-01-11
|y BK15
|
| 952 |
|
|
|0 0
|1 0
|2 ddc
|4 0
|6 004_620000000000000_FOR
|7 0
|9 261499
|a LISK-2
|b LISK-2
|c BSC
|d 2021-01-17
|e 24
|f 0
|g 0.00
|l 0
|o 004.62 FOR
|p 2430000006435
|r 2021-01-17 00:00:00
|t 1
|w 2021-01-17
|y BK15
|x 20081126 0 1
|x GrPaTEI - Antirrio
|
| 952 |
|
|
|0 0
|1 0
|2 ddc
|4 0
|6 004_620000000000000_FOR
|7 0
|9 261500
|a LISK-2
|b LISK-2
|c BSC
|d 2021-01-17
|e 24
|f 0
|g 0.00
|l 0
|o 004.62 FOR
|p 2430000006436
|r 2021-01-17 00:00:00
|t 1
|w 2021-01-17
|y BK15
|x 20081126 0 1
|x GrPaTEI - Antirrio
|
| 952 |
|
|
|0 0
|1 0
|2 ddc
|4 0
|6 004_620000000000000_FOR
|7 0
|9 261501
|a LISK-2
|b LISK-2
|c EUD
|d 2021-01-17
|e 24
|f 0
|g 0.00
|l 0
|o 004.62 FOR
|p 2430000009076
|r 2021-01-17 00:00:00
|t 1
|w 2021-01-17
|y BK15
|x 20140509 0 ΧΑΣΑΝΗ 1
|x GrPaTEI - Antirrio
|
| 952 |
|
|
|0 0
|1 0
|2 ddc
|4 0
|6 004_620000000000000_FOR
|7 0
|9 261502
|a LISK-2
|b LISK-2
|c EUD
|d 2021-01-17
|e 24
|f 0
|g 0.00
|l 0
|o 004.62 FOR
|p 2430000009077
|r 2021-01-17 00:00:00
|t 1
|w 2021-01-17
|y BK15
|x 20140509 0 ΧΑΣΑΝΗ 1
|x GrPaTEI - Antirrio
|
| 998 |
|
|
|c ΜΙΧΟΣΤΑΥΡΟΥ
|d 2018-01
|
| 999 |
|
|
|c 132461
|d 132461
|